| 000 | 01326cam a2200397 a 4500 | ||
|---|---|---|---|
| 001 | 8200 | ||
| 003 | FISKH | ||
| 005 | 20250902090918.0 | ||
| 008 | 021210s2003 maua j 000 1 eng | ||
| 010 | _a 2002041528 | ||
| 020 |
_a0763621862 _qalk. paper |
||
| 020 | _a9781843623045 | ||
| 020 |
_a9780763621865 _q(alk. paper) |
||
| 035 | _a13026631 | ||
| 040 |
_aDLC _cDLC _dDLC _beng |
||
| 050 | 0 | 0 |
_aPZ7.C4383 _bUt 2003 |
| 082 | _a 823.914 | ||
| 100 | 1 | _aChild, Lauren. | |
| 245 | 1 | 0 |
_aUtterly me, Clarice Bean / _cLauren Child. |
| 250 | _aThis edition published in 2003 | ||
| 260 |
_aLondon : _bOrchard Books, _c1989 |
||
| 300 |
_a187 pages : _billustrations ; _c19 cm |
||
| 336 |
_atext _btxt _2rdacontent |
||
| 337 |
_aunmediated _bn _2rdamedia |
||
| 338 |
_avolume _bnc _2rdacarrier |
||
| 520 | _aWhen someone steals the winner's trophy for the school book project, Clarice emulates her favorite book heroine, Ruby Redfort the detective. | ||
| 650 | 1 |
_aSchools _vFiction. |
|
| 650 | 1 |
_aContests _vFiction. |
|
| 650 | 1 |
_aFamily life _vFiction. |
|
| 650 | 1 | _aHumorous stories. | |
| 650 | 1 | _aMystery and detective stories. | |
| 655 | 7 |
_aFiction. _2lcgft _0https://id.loc.gov/authorities/genreForms/gf2014026339 |
|
| 906 |
_a7 _bcbc _corignew _d1 _eocip _f20 _gy-gencatlg |
||
| 942 |
_2ddc _cBK _n0 |
||
| 999 |
_c8200 _d8200 |
||